| 000 | 00530nam a2200169 i 4500 | ||
|---|---|---|---|
| 001 | 82135 | ||
| 003 | ES-MaACL | ||
| 005 | 20230906174616.0 | ||
| 007 | t| | ||
| 008 | 041124s1960 sp ||||1| spa d | ||
| 080 | _a351.713:336.248(460)(094.5) | ||
| 245 | 0 | 0 |
_aDecreto 3 de marzo de 1960 (B.O. 12) _b: Impuesto del Timbre : texto refundido de la ley y tarifas. |
| 260 |
_aPamplona : _bAranzadi, _c[1960] |
||
| 300 |
_a31 p. ; _c24 cm. |
||
| 650 |
_aTimbre (Impuesto)- _zEspaƱa. _9161971 |
||
| 852 |
_aES-MaACL _j2018-F-5 _bR.45740 |
||
| 999 |
_c82135 _d82135 |
||